书目信息 |
| 题名: |
先有鸡还是先有蛋:赵玉芬主编
|
|
| 作者: | ||
| 分册: | ||
| 出版信息: | 桂林 广西师范大学出版社 1999.01 |
|
| 页数: | 105页 | |
| 开本: | 32开 | |
| 丛书名: | ||
| 单 册: | ||
| 中图分类: | Q10-49 | |
| 科图分类: | ||
| 主题词: | 生命起源 | |
| 电子资源: | ||
| ISBN: | 7-5633-2804-1 | |
| 000 | 00529nam0 2200181 45 | |
| 001 | 0103261179 | |
| 005 | 20010604093441.3 | |
| 010 | @a7-5633-2804-1@d9.00元 | |
| 100 | @a20010326d1999 km y0chiy0120 ea | |
| 101 | 0 | @achi |
| 105 | @a z 000yy | |
| 200 | 1 | @a先有鸡还是先有蛋:赵玉芬主编@AXian You Ji Hai Shi Xian You Dan:Zhao Yu Fen Zhu Bian |
| 210 | @a桂林@c广西师范大学出版社@d1999.01 | |
| 215 | @a105页@d32开 | |
| 606 | 0 | @a生命起源 |
| 690 | @aQ10-49@v3 | |
| 801 | @aCN@bPftUser@c20010326 | |
| 905 | @dQ10-49@eW693@f5@b345100-104 | |
| 先有鸡还是先有蛋:赵玉芬主编.-桂林:广西师范大学出版社,1999.01 |
| 105页;32开 |
| ISBN 7-5633-2804-1:9.00元 |
| ● |
| 相关链接 |
|
|
|
正题名:先有鸡还是先有蛋:赵玉芬主编
索取号:Q10-49/W693
 
预约/预借
| 序号 | 登录号 | 条形码 | 馆藏地/架位号 | 状态 | 备注 |
| 1 | 345100 | 203451004 | 自科库401/401自科库 25排1列2层/ [索取号:Q10-49/W693] | 在馆 | |
| 2 | 345101 | 203451013 | 期刊室512/401自科库 25排1列2层/ [索取号:Q10-49/W693] | 在馆 | |
| 3 | 345102 | 203451022 | 期刊室512/401自科库 25排1列2层/ [索取号:Q10-49/W693] | 在馆 | |
| 4 | 345103 | 203451031 | 期刊室512/401自科库 25排1列2层/ [索取号:Q10-49/W693] | 在馆 | |
| 5 | 345104 | 203451040 | 期刊室512/401自科库 25排1列2层/ [索取号:Q10-49/W693] | 在馆 |